书目信息 |
| 题名: |
王阳明生活
|
|
| 作者: | 王勉三 著 | |
| 分册: | ||
| 出版信息: | 武汉 华中科技大学出版社 2015.4 |
|
| 页数: | 195页 | |
| 开本: | 19cm | |
| 丛书名: | 阅读季 | |
| 单 册: | ||
| 中图分类: | B248.25 | |
| 科图分类: | ||
| 主题词: | 哲学家--zhe xue jia--传记--中国--明代 | |
| 电子资源: | ||
| ISBN: | 978-7-5680-0501-2 | |
| 000 | 01163nam 2200289 450 | |
| 001 | 0100004849 | |
| 005 | 20150718155732.1 | |
| 010 | @a978-7-5680-0501-2@dCNY26.00 | |
| 100 | @a20150403d2015 em y0chiy0121 ea | |
| 101 | 0 | @achi |
| 102 | @aCN@b420000 | |
| 105 | @ay a 000yb | |
| 106 | @ar | |
| 200 | 1 | @a王阳明生活@Awang yang ming sheng huo@f王勉三著 |
| 210 | @a武汉@c华中科技大学出版社@d2015.4 | |
| 215 | @a195页@d19cm | |
| 225 | 2 | @a阅读季@Ayue du ji@h第一季 |
| 314 | @a王勉三, 生卒年不详, 民国时期研究王阳明的著名学者。 | |
| 320 | @a有书目 (第167-171页) | |
| 330 | @a本书是关于王阳明的传记类作品。王阳明是明朝最为杰出的政治家、军事家和哲学家, 本书简练地介绍了王阳明的一生, 诸如他的生活, 如家庭、幼年、游历、应试、政治、改过、讲学、贬谪、剿匪、平逆、晚年, 等等, 均包举无遗, 让你全面了解王阳明的传奇一生, 轻松读懂阳明心学的核心精髓--心即理、知行合一、致良知。 | |
| 410 | 0 | @12001 @a阅读季@h第一季 |
| 600 | 0 | @a王守仁,@Awang shou ren@f1472-1528@x生平事迹 |
| 606 | 0 | @a哲学家@Azhe xue jia@x传记@y中国@z明代 |
| 690 | @aB248.25@v5 | |
| 701 | 0 | @a王勉三@Awang mian san@4著 |
| 801 | 0 | @aCN@c20160515 |
| 905 | @a河南城建学院图书馆@dB248.25@eW286 | |
| 王阳明生活/王勉三著.-武汉:华中科技大学出版社,2015.4 |
| 195页;19cm.-(阅读季.第一季) |
| ISBN 978-7-5680-0501-2:CNY26.00 |
| 本书是关于王阳明的传记类作品。王阳明是明朝最为杰出的政治家、军事家和哲学家, 本书简练地介绍了王阳明的一生, 诸如他的生活, 如家庭、幼年、游历、应试、政治、改过、讲学、贬谪、剿匪、平逆、晚年, 等等, 均包举无遗, 让你全面了解王阳明的传奇一生, 轻松读懂阳明心学的核心精髓--心即理、知行合一、致良知。 |
| ● |
| 相关链接 |
|
|
|
正题名:王阳明生活
索取号:B248.25/W286
 
预约/预借
| 序号 | 登录号 | 条形码 | 馆藏地/架位号 | 状态 | 备注 |
| 1 | 1253975 | 212539751 | 社科库509/509社科库 15排1列3层/ [索取号:B248.25/W286] | 在馆 | |
| 2 | 1253976 | 212539760 | 社科库509/509社科库 15排1列3层/ [索取号:B248.25/W286] | 在馆 | |
| 3 | 1253977 | 212539779 | 社科库509/509社科库 15排1列3层/ [索取号:B248.25/W286] | 在馆 |